00368nam a2200109Ia 4500008004100000100002100041245003200062260006900094300001100163650001600174856006800190160712s9999 xx 000 0 und d aVictoria, Eliza. cEliza VictoriaaThe Seventh c2015bLikhaan: The Journal of Contemporary Philippine Literature avol. 9 xSHORT STORY uhttp://journals.upd.edu.ph/index.php/lik/issue/view/539/showToc